000 00664nam a2200205 a 4500
005 20140412111250.0
008 030411s19uu xx 00 eng d
020 _a0-06-446700-7
050 _aTR(PS E
_bBe35 1996
100 _aMurphy, Stuart
245 _aBest bug parade (The) /
_cby Stuart J. Murphy ; illustrated by Holly Keller.
260 _aNew York :
_bHarperCollins Publishers, Inc,
_c1996.
300 _a33 p. ; ill.
440 _aMathStart
520 _aA variety of different bugs compare their relative sizes while going on a parade.
650 _aInsects--Fiction
650 _aSize--Fiction
650 _aParades--Fiction
999 _c103089
_d103089